Ανάλυση της επιχείρησης: "Ευαγγ. Ατταλιώτης" ΑΕΒΕ : Περιγραφή της επιχείρησης (Case study) : εργασία

Αποθηκεύτηκε σε:
Λεπτομέρειες βιβλιογραφικής εγγραφής
Κύριος συγγραφέας: Κόλλια, Θεοδώρα
Συγγραφή απο Οργανισμό/Αρχή: Πανεπιστήμιο Αιγαίου. Σχολή Επιστημών της Διοίκησης. Τμήμα Διοίκησης Επιχειρήσεων
Άλλοι συγγραφείς: Λάππας, Κώστας
Μορφή: Βιβλίο
Γλώσσα:Greek
Δημοσίευση: 1994
Θέματα:
Ετικέτες: Προσθήκη ετικέτας
Δεν υπάρχουν, Καταχωρήστε ετικέτα πρώτοι!

MARC

LEADER 00000cam a2200000 i 4500
001 1/45395
008 960228s1994 gre d
035 |l 10026138 
040 |a GR-MY-UA  |b gre  |e aacr 
041 0 |a gre 
082 0 |a 658.4012  |2 (22) 
100 1 |a Κόλλια, Θεοδώρα. 
245 1 0 |a Ανάλυση της επιχείρησης: "Ευαγγ. Ατταλιώτης" ΑΕΒΕ :  |b Περιγραφή της επιχείρησης (Case study) : εργασία /  |c Θεοδώρα Κόλλια, Κωνσταντίνος Λάππας ; Νικόλαος Λίτινας 
260 |c 1994 
300 |a 80 σ.;  |c 30 εκ. 
500 |a Εργασία στα πλαίσια του μαθήματος Επιχειρησιακή Στρατηγική και Πολιτική 
610 2 0 |a Πανεπιστήμιο Αιγαίου. 
650 0 0 |a Automobile industry and trade  |z Greece. 
650 0 0 |a Business enterprises  |x Case studies. 
650 0 0 |a Strategic planning  |v Case studies. 
650 0 0 |a Business planning  |x Case studies. 
700 1 |a Λάππας, Κώστας. 
700 1 |a Λίτινας, Νικόλαος Αντ.  |e dgs 
710 2 |a Πανεπιστήμιο Αιγαίου.   |b Σχολή Επιστημών της Διοίκησης.   |b Τμήμα Διοίκησης Επιχειρήσεων. 
852 |a INST  |b CHIOS  |c PERG  |e 19960228  |h 658.4012 ΚΟΛ  |p 005200000802  |q 005200000802  |t PERG  |y 23  |z τ.1 
852 |a INST  |b CHIOS  |c PERG  |e 19960228  |h 658.4012 ΚΟΛ  |p 005200000802  |q 005200000802  |t PERG  |v τ.1:  |y 23  |z τ.1 
853 |a INST  |b CHIOS  |c PERG  |h 658.4012 ΚΟΛ 
901 |a BIBL2-2000-1 
909 |a Χ  |b 042637 
924 |a ΚΟΛΛΙΑ  |b ΘΕΟΔΩΡΑ  |y ΧΙΟΣ  |z 2000-01 
924 |a Λάππας  |b Κώστας  |y Χίος  |z 2000-01 
970 |a ΣΑΛΑΜΟΥΡΑ  |b ΜΑΡΙΑ  |z 2000/03/03